| 000 | 00533nam a2200217Ia 4500 | ||
|---|---|---|---|
| 003 | OSt | ||
| 005 | 20230421122453.0 | ||
| 008 | 210423s2008 xx 000 0 und d | ||
| 020 | _a100070220883 | ||
| 040 | _cAL | ||
| 041 | _aeng | ||
| 082 |
_a658 _223 _bTRIP |
||
| 100 |
_aTRIPATHI (P C);Reddy (P N). _985253 |
||
| 245 | _aPrinciples of management. | ||
| 250 | _a4 | ||
| 260 |
_aNew Delhi _bTata McGraw-hill _c2008 |
||
| 300 |
_axvi,413 _bPB |
||
| 365 |
_b275 _cINR |
||
| 906 | _amanagement. ; Principles | ||
| 942 |
_2ddc _cBK |
||
| 999 |
_c157079 _d157079 |
||